Differential geometry and statistics

Αποθηκεύτηκε σε:
Λεπτομέρειες βιβλιογραφικής εγγραφής
Κύριος συγγραφέας: Murray, M. K. (Michael K.)
Άλλοι συγγραφείς: Rice, John W. Ph. D.
Μορφή: Βιβλίο
Γλώσσα:English
Δημοσίευση: London ; New York : Chapman & Hall, 1994, c1993
Έκδοση:1st ed., Repr.
Σειρά:Monographs on statistics and applied probability ; ; 48
Θέματα:
Ετικέτες: Προσθήκη ετικέτας
Δεν υπάρχουν, Καταχωρήστε ετικέτα πρώτοι!

MARC

LEADER 00000nam a2200000 i 4500
001 1/105678
008 000328s19931994 eng d
020 |a 0-412-39860-5 
035 |l 10059344 
040 |a GR-MY-UA  |b gre  |e aacr 
041 0 |a eng 
082 0 |a 519.5 
100 1 |a Murray, M. K.  |q (Michael K.) 
245 1 0 |a Differential geometry and statistics /  |c Michael K. Murray and John W. Rice 
250 |a 1st ed., Repr. 
260 |a London ; New York :   |b Chapman & Hall,   |c 1994, c1993 
300 |a xiii, 272 p.;  |b ill.;  |c 23 cm. 
490 1 |a Monographs on statistics and applied probability  |v ; 48 
504 |a Includes bibliographical references and indexes 
650 0 0 |a Mathematical statistics. 
650 0 0 |a Geometry, Differential. 
700 1 |a Rice, John W.  |c Ph. D. 
830 0 |a Monographs on statistics and applied probability ;  |v ; 48 
852 |a INST  |b SAMOS  |e 20000328  |h 519.5 MUR  |p 005300017834  |q 005300017834  |t BK  |y 0 
901 |a BIBL3-2000-1 
909 |a Σ  |b 076896 
922 |a 3ΕΛΗ  |b 200003  |c ΚΠΣ  |d ΠΑΠΑΣΩΤΗΡΙΟΥ 
950 |a 116-2000-01-10 
970 |a ΚΟΣΙΕΡΗΣ  |b ΧΡΗΣΤΟΣ  |z 2000/03/30